Normal view MARC view

Entry Términos de género/forma

Number of records used in: 1

001 - NÚMERO DE CONTROL

  • campo de control: 198

003 - IDENTIFICADOR DE NÚMERO DE CONTROL

  • campo de control: AR-CcCEOS

005 - FECHA Y HORA DE LA ÚLTIMA TRANSACCIÓN

  • campo de control: 20260122112052.0

008 - ELEMENTOS DE DATO DE LONGITUD-FIJA

  • campo de control de longitud fija: 260122|| aca||babn | a|a d

040 ## - FUENTE DE CATALOGACIÓN

  • Centro catalogador/agencia de origen: AR-CcCEOS

155 ## - ENCABEZAMIENTO--TÉRMINO DE GÉNERO/FORMA

  • Término de género/forma: marxismo
  • Subdivisión de forma: expirismo
  • Subdivisión general: lógico